The text of the Old Testament : (Registro nro. 6774)

Detalles MARC
000 -LEADER
campo de control de longitud fija 02975cam a22005774i 4500
003 - IDENTIFICADOR DE NÚMERO DE CONTROL
campo de control PE-LiUPU
005 - FECHA Y HORA DE LA ÚLTIMA TRANSACCIÓN
campo de control 20250731172830.0
008 - DATOS DE LONGITUD FIJA--INFORMACIÓN GENERAL
campo de control de longitud fija 141029s2014 miuaf b 001 0 eng
020 ## - NÚMERO INTERNACIONAL ESTÁNDAR DEL LIBRO
Número Internacional Estándar del Libro 0802866808
020 ## - NÚMERO INTERNACIONAL ESTÁNDAR DEL LIBRO
Número Internacional Estándar del Libro 9780802866806
035 ## - NÚMERO DE CONTROL DEL SISTEMA
Número de control de sistema (Sirsi) i9780802866806
040 ## - FUENTE DE CATALOGACIÓN
Centro catalogador/agencia de origen PE-LiUPU
Lengua de catalogación spa
Centro/agencia transcriptor PE-LiUPU
Normas de descripción rda
049 ## - FONDOS LOCALES (OCLC)
Biblioteca depositaria PRUA
082 00 - NÚMERO DE LA CLASIFICACIÓN DECIMAL DEWEY
Número de clasificación 221.446
Cutter W95
Número de edición 23
100 1# - ENTRADA PRINCIPAL--NOMBRE DE PERSONA
Nombre de persona Würthwein, Ernst,
Fechas asociadas al nombre 1909-
240 10 - TÍTULO UNIFORME
Título uniforme Text des Alten Testaments.
Lenguaje de la obra English
245 14 - MENCIÓN DEL TÍTULO
Título The text of the Old Testament :
Resto del título an introduction to the Biblia Hebraica /
Mención de responsabilidad, etc. Ernst Würthwein ; revisado y expandido en Alexander Achilles Fischer ; traducido por Erroll F. Rhodes.
250 ## - MENCION DE EDICION
Mención de edición Third edition.
264 #1 - PRODUCCIÓN, PUBLICACIÓN, DISTRIBUCIÓN, FABRICACIÓN Y COPYRIGHT
Producción, publicación, distribución, fabricación y copyright Grand Rapids, Michigan :
Nombre del de productor, editor, distribuidor, fabricante William B. Eerdmans Publishing Company,
Fecha de producción, publicación, distribución, fabricación o copyright 2014
300 ## - DESCRIPCIÓN FÍSICA
Extensión vii, 343 páginas :
Otras características físicas ilustraciones. ;
Dimensiones 23 centímetros
336 ## - TIPO DE CONTENIDO
Término de tipo de contenido text
Fuente rdacontent
337 ## - TIPO DE MEDIO
Nombre/término del tipo de medio unmediated
Fuente rdamedia
338 ## - TIPO DE SOPORTE
Nombre/término del tipo de soporte volume
Fuente rdacarrier
504 ## - NOTA DE BIBLIOGRAFÍA, ETC.
Nota de bibliografía, etc. Bibliografía : páginas 305-320.
504 ## - NOTA DE BIBLIOGRAFÍA, ETC.
Nota de bibliografía, etc. Índices : páginas 326-343.
505 0# - NOTA DE CONTENIDO CON FORMATO
Nota de contenido con formato A. The Hebrew text of the Bible. Language, script, and writing materials -- The Masoretic text -- The Qumran scrolls -- The Samaritan text -- B. The ancient translations. The Septuagint -- Other translations -- C. Textual criticism. The goal and task of textual criticism -- Textual corruptions, changes, and variants -- The method of textual criticism.
526 ## - NOTA DE INFORMACIÓN SOBRE EL PROGRAMA DE ESTUDIO
Nombre del programa Segunda Especialidad En Profecías Bíblicas
526 ## - NOTA DE INFORMACIÓN SOBRE EL PROGRAMA DE ESTUDIO
Nombre del programa Segunda Especialidad En Nuevo Testamento
526 ## - NOTA DE INFORMACIÓN SOBRE EL PROGRAMA DE ESTUDIO
Nombre del programa Segunda Especialidad En Antiguo Testamento
526 ## - NOTA DE INFORMACIÓN SOBRE EL PROGRAMA DE ESTUDIO
Nombre del programa Segunda Especialidad En Estudios Adventistas
526 ## - NOTA DE INFORMACIÓN SOBRE EL PROGRAMA DE ESTUDIO
Nombre del programa Doctorado en teología
526 ## - NOTA DE INFORMACIÓN SOBRE EL PROGRAMA DE ESTUDIO
Nombre del programa Maestría en teología histórica
526 ## - NOTA DE INFORMACIÓN SOBRE EL PROGRAMA DE ESTUDIO
Nombre del programa Maestría en teología bíblica
526 ## - NOTA DE INFORMACIÓN SOBRE EL PROGRAMA DE ESTUDIO
Nombre del programa Maestría en teología
526 ## - NOTA DE INFORMACIÓN SOBRE EL PROGRAMA DE ESTUDIO
Nombre del programa Maestría en misionología
526 ## - NOTA DE INFORMACIÓN SOBRE EL PROGRAMA DE ESTUDIO
Nombre del programa Maestría en liderazgo eclesiástico
526 ## - NOTA DE INFORMACIÓN SOBRE EL PROGRAMA DE ESTUDIO
Nombre del programa Teología
546 ## - NOTA DE IDIOMA
Nota de lengua/lenguaje Translated from the German.
596 ## -
-- 1
630 00 - PUNTO DE ACCESO ADICIONAL DE MATERIA--TÍTULO UNIFORME
Título uniforme Biblia.
-- Antiguo Testamento.
Subdivisión general Crítica, Pruebas.
700 1# - ENTRADA AGREGADA--NOMBRE PERSONAL
Nombre de persona Fischer, Alexander A.
Forma completa/desarrollada del nombre (Alexander Achilles)
910 ## - DATOS DE OPCIÓN DEL USUARIO (OCLC)
Datos de opción del usuario jck
-- bpc
-- bpc
-- 20160510
942 ## - ELEMENTOS DE ENTRADA SECUNDARIOS (KOHA)
Fuente del sistema de clasificación o colocación Clasificación Decimal Dewey
Tipo de ítem Koha
949 ## - PROCESAMIENTO DE INFORMACIÓN LOCAL (OCLC)
a 221.446 W95
w DEWEY
c 1
i 73420
l CCODEBUL1
m BUL
p 28.23
r 0
s Y
t BOOK
u 2016-4-27
x TEOLOGIA
-- P35
0 COMPRA
o .STAFF. Colección General
949 ## - PROCESAMIENTO DE INFORMACIÓN LOCAL (OCLC)
a PGT 221.44 W98 2014
w DEWEY
c 1
i 71893
l CCODEBUL1
m BUL
p 20.00
r 0
s Y
t BOOK
u 2015-8-24
x TEOLOGIA
-- P85
0 COMPRA
o .CIRCNOTE. No olvidar cambiar la fecha de devolución!!!!!!!
-- .STAFF. Posgrado
994 ## -
-- C0
-- PEPRU
999 ## - NÚMEROS DE CONTROL DE SISTEMA (KOHA)
-- DEWEY
-- 71893
-- 2021-11-9
-- 5
-- CCODEBUL1
-- BUL
-- 20.00
-- 0
-- Y
-- BOOK
-- 2015-8-24
-- TEOLOGIA
-- P85
-- COMPRA
-- .CIRCNOTE. No olvidar cambiar la fecha de devolución!!!!!!!
-- .STAFF. Posgrado
999 ## - NÚMEROS DE CONTROL DE SISTEMA (KOHA)
-- DEWEY
-- 73420
-- 2021-11-9
-- 5
-- CCODEBUL1
-- BUL
-- 28.23
-- 1
-- 0
-- Y
-- BOOK
-- 2016-4-27
-- TEOLOGIA
-- P35
-- COMPRA
-- .STAFF. Colección General
999 ## - NÚMEROS DE CONTROL DE SISTEMA (KOHA)
-- DEWEY
-- 75590
-- 2019-10-9
-- 2021-11-9
-- 5
-- CCODEBUL1
-- BUL
-- 1
-- 30.00
-- 1
-- 0
-- Y
-- BOOK
-- 2017-1-24
-- TEOLOGIA
-- P85
-- COMPRA
-- .STAFF. Colección Teología
980 ## - EQUIVALENCIA O REFERENCIA-CRUZADA-MENCIÓN DE SERIE--NOMBRE DE PERSONA/TÍTULO [LOCAL, CANADÁ]
ID del último usuario que modificó el registro 1
Nombre del último usuario que modificó el registro ALBERTO SANCHEZ Responsable de Automatización
Existencias
Visto por última vez Número de inventario Total de préstamos Signatura topográfica completa Código de barras Fecha del último préstamo Copia número Coste, precio de reemplazo Fecha de reemplazo Facultad Tipo de ítem Koha Nota pública Estado de pérdida Fuente del sistema de clasificación o colocación Restricciones de uso No para préstamo Colección Programa académico Biblioteca de origen Biblioteca actual Ubicación en estantería Fecha de adquisición Fuente de adquisición Coste, precio normal de compra
2025-12-02 6 4 221.446 W95 71893 2025-11-03 e1 25.00 2015-08-24   Libros físicos inventario-2023-12-13 No Perdido Clasificación Decimal Dewey No restringido Disponible para préstamos Colección General Maestría en teología Biblioteca CRAI UPeU Lima Biblioteca CRAI UPeU Lima Sala principal 2015-08-24 COMPRA 20.00
2025-12-02 6 2 221.446 W95 73420 2025-09-30 e1 33.23 2016-04-27   Libros físicos inventario-2023-12-13 No Perdido Clasificación Decimal Dewey No restringido Disponible para préstamos Colección General Maestría en teología Biblioteca CRAI UPeU Lima Biblioteca CRAI UPeU Lima Sala principal 2016-04-27 COMPRA 28.23
2025-12-02 6 1 221.446 W95 75590 2025-05-20 e2 35.00 2017-01-24   Libros físicos inventario-2023-12-13 No Perdido Clasificación Decimal Dewey No restringido Disponible para préstamos Colección General Maestría en teología Biblioteca CRAI UPeU Lima Biblioteca CRAI UPeU Lima Sala principal 2017-01-24 COMPRA 30.00